000 00579nam a2200229Ia 4500
003 OSt
005 20221005131751.0
006 a|||||r|||| 00| 0
007 ta
008 221004b |||||||| |||| 00| 0 snd d
024 _a69690
037 _cTextual
040 _aCRL
_cCRL
_bsnd
041 _2snd
_asnd
082 _aO168,3NAA,2, 1593K5
100 _aAalam G S Au.
_9640051
245 0 _aSuhag raat
260 _c1965
650 _aURDU FICTION
_93298
942 _hO168,3NAA,2, 1593K5
_cTEXL
_2cc
999 _c1061337
_d1061337